000
00233nam a22000857a 4500
008
161201b xxu||||| |||| 00| 0 eng d
100
_9
1662
_a
Khan,F.A
245
_a
Level-3 Communicative English : Main Course
260
_a
New Delhi
_b
Machill
999
_c
4374
_d
4374